Statistiques concernant Culture Générale - Série 317

Cliquez ici pour prendre le quiz!

Statistiques générales

  • Ce quiz a été pris 172 fois
  • Le résultat moyen est 7 sur 10

Statistiques - réponses

QuestionRéponse% Correct
Dans quel pays se trouve la partie des Andes qui abrite Machu Picchu ?Le Pérou
96%
Quel signe de ponctuation est toujours présent dans une adresse e-mail ?Le point
93%
Quel était l'instrument de prédilection du jazzman Duke Ellington ?Le piano
76%
Dans quel jeu doit-on payer pour voir les cartes de l'adversaire ?Le poker
72%
Quel haut personnage de l'Etat réside au 57, rue de Varenne à Paris 7ème ?Le Premier ministre
66%
En arithmétique, quel nom porte le résultat d'une multiplication ?Le produit
66%
Quel terme désigne le drapeau qui indique la nationalité d'un bateau ?Le pavillon
60%
Quelle particule chargée positivement se trouve dans le noyau de l'atome ?Le proton
56%
Quel sport olympique a un nom qui signifie "voie de la souplesse" ?Le judo
54%
Quel roi est surnommé "le barbu" dans le jeu de cartes du même nom ?Le roi de coeur
48%

Distribution des résultats

Percentile par nombre de réponses

% des personnes avec chaque résultat

Votre développement - résultats

Vous n’avez pas pris ce quiz